| 000 | 00699cam a2200241 4500500 | ||
|---|---|---|---|
| 005 | 20260405003607.0 | ||
| 041 | _afre | ||
| 042 | _adc | ||
| 100 | 1 | 0 |
_aMorisson, Batiste _eauthor |
| 245 | 0 | 0 | _aLes ingénieurs vont-ils refroidir la Terre ? |
| 260 | _c2022. | ||
| 500 | _a66 | ||
| 690 | _aClimat | ||
| 690 | _aFroid | ||
| 690 | _aGéo-ingénierie | ||
| 690 | _aRéchauffement climatique | ||
| 690 | _aRéparation | ||
| 690 | _aScience | ||
| 690 | _aTechnique | ||
| 690 | _aTerre | ||
| 786 | 0 | _nPhilosophie magazine | 164 | 11 | 2022-11-01 | p. 29-31 | 1951-1787 | |
| 856 | 4 | 1 | _uhttps://shs.cairn.info/magazine-philosophie-magazine-2022-11-page-29?lang=fr&redirect-ssocas=7080 |
| 999 |
_c2069072 _d2069072 |
||